[Event "Kidlington op 43rd"]
[Site "Kidlington"]
[Date "2020.02.02"]
[Round "5"]
[White "Evans, Chris John"]
[Black "Archer Lock, Christopher J"]
[Result "0-1"]
[WhiteElo "151"]
[BlackElo "183"]
[PlyCount "94"]
[EventDate "2020.02.01"]
[EventType "swiss"]
[EventRounds "5"]
[EventCountry "ENG"]
[SourceTitle "EXT 2021"]
[Source "ChessBase"]
[SourceDate "2020.10.23"]
[SourceVersion "1"]
[SourceVersionDate "2020.10.23"]
[SourceQuality "1"]

1. e4 e6 2. d4 d5 3. Nc3 Nf6 4. Bg5 Be7 5. e5 Nfd7 6. h4 Bxg5 7. hxg5 Qxg5 8. Nh3 Qe7 9. Qg4 Kf8 10. f4 c5 11. 0-0-0 Nc6 12. Ng5 h6 13. Nb5 cxd4 14. Nd6 Ndxe5 15. fxe5 Nxe5 16. Qxd4 Qxg5+ 17. Kb1 Nc6 18. Qf2 Qe7 19. Qg3 e5 20. Nxc8 Rxc8 21. Rxd5 Rd8 22. Rxd8+ Qxd8 23. Bc4 Qd4 24. Qb3 Qd7 25. Rf1 f6 26. Be6 Qe7 27. c3 Nd8 28. Bf5 Qf7 29. Qa3+ Kg8 30. Qxa7 g6 31. Bc2 Nc6 32. Qc5 Kg7 33. Rf3 Rd8 34. Rg3 f5 35. Qf2 e4 36. Rh3 Qf6 37. Qb6 Rd7 38. Rh1 Qd8 39. Qe3 Qg5 40. Qb6 Ne5 41. Qb5 Qe7 42. Qe2 Qc5 43. Qe1 Nc4 44. Qh4 Qe3 45. Re1 Qg5 46. Qf2 e3 47. Qf3 Nd2+ 0-1

[Event "BCF-chT4S 1819 (4NCL)"]
[Site "England"]
[Date "2019.02.10"]
[Round "6.115"]
[White "Hill, Maurice J"]
[Black "Evans, Chris John"]
[Result "1-0"]
[WhiteElo "1810"]
[BlackElo "1730"]
[PlyCount "73"]
[EventDate "2018.11.17"]
[EventType "team-swiss"]
[EventRounds "11"]
[EventCountry "ENG"]
[SourceTitle "EXT 2021"]
[Source "ChessBase"]
[SourceDate "2020.10.23"]
[SourceVersion "1"]
[SourceVersionDate "2020.10.23"]
[SourceQuality "1"]
[WhiteTeam "Ashfield II"]
[BlackTeam "Banbury Bulldogs"]
[WhiteTeamCountry "ENG"]
[BlackTeamCountry "ENG"]

1. g3 f5 2. Bg2 Nf6 3. Nf3 e6 4. c4 Be7 5. Nc3 0-0 6. d3 c6 7. e4 fxe4 8. dxe4 d6 9. 0-0 e5 10. Qc2 Qe8 11. Qd2 h6 12. h4 Bg4 13. Nh2 Be6 14. b3 Nbd7 15. Ba3 Nc5 16. Rad1 Rd8 17. Qe2 Qg6 18. Rd2 Nh5 19. Qe3 b6 20. Ne2 Nb7 21. f4 exf4 22. Nxf4 Nxf4 23. Rxf4 Rxf4 24. Qxf4 Rf8 25. Qe3 c5 26. e5 Qb1+ 27. Nf1 Bc8 28. exd6 Bxd6 29. Bb2 Qg6 30. Bd5+ Kh8 31. Qd3 Bf5 32. Qc3 Nd8 33. Rf2 Be7 34. Kh2 Qg4 35. Bg2 Ne6 36. Ne3 Nd4 37. Nxg4 1-0

[Event "BCF-chT4S 1819 (4NCL)"]
[Site "England"]
[Date "2018.11.18"]
[Round "2.44"]
[White "Evans, Chris John"]
[Black "Cavendish, Joshua"]
[Result "0-1"]
[WhiteElo "1730"]
[BlackElo "1937"]
[PlyCount "60"]
[EventDate "2018.11.17"]
[EventType "team-swiss"]
[EventRounds "11"]
[EventCountry "ENG"]
[SourceTitle "EXT 2021"]
[Source "ChessBase"]
[SourceDate "2020.10.23"]
[SourceVersion "1"]
[SourceVersionDate "2020.10.23"]
[SourceQuality "1"]
[WhiteTeam "Banbury Bulldogs"]
[BlackTeam "All Anands on Deck"]
[WhiteTeamCountry "ENG"]
[BlackTeamCountry "ENG"]

1. e4 c5 2. Nf3 d6 3. d4 cxd4 4. Nxd4 Nf6 5. Nc3 a6 6. Bg5 e6 7. f4 Be7 8. Qf3 Qc7 9. 0-0-0 Nbd7 10. g4 h6 11. Bxf6 Bxf6 12. h4 Qb6 13. Nb3 Nc5 14. g5 Be7 15. f5 hxg5 16. fxe6 Nxb3+ 17. axb3 Bxe6 18. Nd5 Bxd5 19. Rxd5 Rxh4 20. Rxh4 gxh4 21. Bh3 Rd8 22. Rd1 Bg5+ 23. Kb1 Qe3 24. Qf5 g6 25. Qf1 Kf8 26. Rd3 Qxe4 27. Rf3 Qe7 28. Qd3 Re8 29. Qd5 Bf6 30. Qd3 Qe1+ 0-1

[Event "BCF-chT3S 1213 (4NCL)"]
[Site "England"]
[Date "2013.01.13"]
[Round "4.227"]
[White "Peck, Silas"]
[Black "Evans, Chris John"]
[Result "0-1"]
[WhiteElo "1713"]
[BlackElo "1867"]
[PlyCount "130"]
[EventDate "2012.11.03"]
[EventType "team-swiss"]
[EventRounds "6"]
[EventCountry "ENG"]
[SourceTitle "EXT 2014"]
[Source "ChessBase"]
[SourceDate "2013.11.20"]
[SourceVersion "1"]
[SourceVersionDate "2013.11.20"]
[SourceQuality "1"]
[WhiteTeam "Anglian Avengers III"]
[BlackTeam "Banbury Bulldogs"]
[WhiteTeamCountry "ENG"]
[BlackTeamCountry "ENG"]

1. e4 c5 2. Nf3 d6 3. d4 cxd4 4. Nxd4 Nf6 5. Nc3 a6 6. Bg5 e6 7. f4 Be7 8. Qf3 Qc7 9. 0-0-0 Nbd7 10. g4 b5 11. Bxf6 Nxf6 12. g5 Nd7 13. h4 Bb7 14. Bd3 Nc5 15. Rhg1 Rc8 16. Qe3 b4 17. Nce2 d5 18. e5 Qb6 19. Kb1 Na4 20. Qc1 Bc5 21. Rgf1 g6 22. Ka1 Ke7 23. Nb3 Be3 24. Qb1 Rc7 25. a3 Rhc8 26. axb4 Qxb4 27. Nec1 d4 28. Na2 Qb6 29. Nd2 Bd5 30. b3 Nc3 31. Nxc3 Rxc3 32. Nc4 Bxc4 33. Bxc4 R8xc4 34. bxc4 Ra3+ 35. Qa2 Qa5 36. Qxa3+ Qxa3+ 37. Kb1 Qb4+ 38. Ka1 Qxc4 39. Rb1 d3 40. Rb7+ Kf8 41. Rb8+ Kg7 42. cxd3 Bd4+ 43. Rb2 Bxb2+ 44. Kxb2 Qxd3 45. Rc1 Qd4+ 46. Kb3 Qxf4 47. Rc7 Qxe5 48. h5 gxh5 49. Rc4 Qd5 50. Kc3 Qxc4+ 51. Kxc4 Kg6 52. Kc5 h4 53. Kb6 h3 54. Kxa6 h2 55. Kb5 h1Q 56. Kc4 Qd5+ 57. Kc3 e5 58. Kc2 e4 59. Kc3 e3 60. Kb2 e2 61. Kc2 e1R 62. Kc3 Re4 63. Kc2 Rc4+ 64. Kb3 Qb5+ 65. Ka3 Ra4# 0-1

[Event "London e2e4 Diamond Jubilee op-B"]
[Site "London"]
[Date "2012.06.03"]
[Round "3"]
[White "Anilkumar, Anantha P"]
[Black "Evans, Chris John"]
[Result "1/2-1/2"]
[WhiteElo "1582"]
[BlackElo "1766"]
[PlyCount "97"]
[EventDate "2012.06.02"]
[EventType "swiss"]
[EventRounds "7"]
[EventCountry "ENG"]
[SourceTitle "EXT 2014"]
[Source "ChessBase"]
[SourceDate "2013.11.20"]
[SourceVersion "1"]
[SourceVersionDate "2013.11.20"]
[SourceQuality "1"]

1. e4 c5 2. Nf3 d6 3. d4 cxd4 4. Nxd4 Nf6 5. Nc3 a6 6. f3 e6 7. Be3 Qc7 8. Qd2 Nbd7 9. 0-0-0 b5 10. Kb1 Rb8 11. a3 Ne5 12. Be2 Nc4 13. Bxc4 bxc4 14. Ka2 Bd7 15. g4 Bc6 16. Nxc6 Qxc6 17. h4 Nd7 18. Bf4 Qb7 19. Rb1 e5 20. Be3 Nb6 21. Bxb6 Qxb6 22. Nd5 Qc6 23. Qc3 Be7 24. f4 f6 25. f5 Bd8 26. Rhg1 Bb6 27. Nxb6 Rxb6 28. Rge1 Ke7 29. b3 Qd7 30. Qxc4 Rc8 31. Qd3 Rbc6 32. Re2 Qb7 33. c4 Rb6 34. Rc2 Qc6 35. g5 a5 36. Rbc1 Qe8 37. Qg3 Qf7 38. Qc3 Qh5 39. Qg3 Qf7 40. Qd3 Rcb8 41. Rc3 Rc6 42. Qd5 Rc5 43. Qxf7+ Kxf7 44. Rd1 Rc6 45. Rd5 Ra8 46. gxf6 Kxf6 47. Rcd3 Ke7 48. Kb2 Raa6 49. Rc3 1/2-1/2

[Event "London e2e4 Diamond Jubilee op-B"]
[Site "London"]
[Date "2012.05.06"]
[Round "7"]
[White "Mehmood, Athar"]
[Black "Evans, Chris John"]
[Result "1-0"]
[WhiteElo "1702"]
[BlackElo "1766"]
[PlyCount "85"]
[EventDate "2012.06.02"]
[EventType "swiss"]
[EventRounds "7"]
[EventCountry "ENG"]
[SourceTitle "EXT 2014"]
[Source "ChessBase"]
[SourceDate "2013.11.20"]
[SourceVersion "1"]
[SourceVersionDate "2013.11.20"]
[SourceQuality "1"]

1. e4 c5 2. Nf3 d6 3. Nc3 Nf6 4. d4 cxd4 5. Nxd4 a6 6. Bd3 e6 7. 0-0 Be7 8. Be3 0-0 9. Re1 Qc7 10. h3 b5 11. Qd2 Nbd7 12. Rad1 Bb7 13. a3 Rac8 14. Nf3 d5 15. exd5 Nxd5 16. Nxd5 Bxd5 17. Bf4 Qb7 18. Qe2 Bf6 19. Ne5 Nxe5 20. Bxe5 Bxe5 21. Qxe5 Bxg2 22. Re3 Bd5 23. Rg3 f6 24. Qh5 f5 25. Kh2 Qf7 26. Qe2 Rcd8 27. Rdg1 g6 28. c4 bxc4 29. Bxc4 Bxc4 30. Qxc4 Qa7 31. Qc3 Kf7 32. Qf3 Rc8 33. h4 Rc2 34. R1g2 Qe7 35. h5 Rg8 36. hxg6+ hxg6 37. Rh3 Qd6+ 38. Rgg3 Rg7 39. b4 e5 40. Qb3+ Kf6 41. Qxc2 e4 42. Kg1 Rd7 43. Qb2+ 1-0

[Event "High Wycombe e2e4 Major"]
[Site "Uplands Park"]
[Date "2011.10.08"]
[Round "2"]
[White "Evans, Chris John"]
[Black "Taylor, Adam C"]
[Result "0-1"]
[WhiteElo "1850"]
[BlackElo "1735"]
[PlyCount "74"]
[EventDate "2011.10.07"]
[EventType "swiss"]
[EventRounds "5"]
[EventCountry "ENG"]
[SourceTitle "EXT 2023"]
[Source "ChessBase"]
[SourceDate "2022.10.05"]
[SourceVersion "1"]
[SourceVersionDate "2022.10.05"]
[SourceQuality "1"]

1. e4 c5 2. Nf3 d6 3. d4 cxd4 4. Nxd4 Nf6 5. Nc3 a6 6. Bg5 e6 7. f4 Be7 8. Qf3 Qc7 9. 0-0-0 Nbd7 10. g4 h6 11. Bh4 g5 12. Bg3 gxf4 13. Bxf4 e5 14. Nf5 exf4 15. Qxf4 Qc5 16. Nxe7 Kxe7 17. Nd5+ Nxd5 18. Rxd5 Qc6 19. Bh3 Nf6 20. Rf1 Nxd5 21. Qxf7+ Kd8 22. exd5 Qe8 23. Qg7 Bd7 24. Qc3 Rc8 25. Qa5+ Rc7 26. Re1 Qg6 27. c4 Bxg4 28. Bf1 Re8 29. Rxe8+ Qxe8 30. Kd2 Qe5 31. Bd3 Qxb2+ 32. Ke3 Qe5+ 33. Kd2 Qxh2+ 34. Kc3 Qg3 35. Kc2 Qf2+ 36. Kb3 Bd1+ 37. Ka3 Qc5+ 0-1